[Event "Getxo op 4th"]
[Site "Getxo"]
[Date "2019.09.08"]
[Round "2"]
[White "Uribe Etxeberria Arregui, Ibon"]
[Black "Arrupe Alkorta, Mikel"]
[Result "1-0"]
[WhiteElo "1655"]
[BlackElo "1009"]
[PlyCount "45"]
[EventDate "2019.09.08"]
[EventType "swiss"]
[EventRounds "9"]
[EventCountry "ESP"]
[SourceTitle "EXT 2020"]
[Source "ChessBase"]
[SourceDate "2019.10.17"]
[SourceVersion "1"]
[SourceVersionDate "2019.10.17"]
[SourceQuality "1"]

1. c4 e5 2. Nc3 Nf6 3. Nf3 Nc6 4. g3 b6 5. Bg2 Bb7 6. Nxe5 Qe7 7. Nxc6 Bxc6 8. Nd5 Nxd5 9. cxd5 Qf6 10. dxc6 dxc6 11. 0-0 Be7 12. Qc2 0-0 13. Qxc6 Qe5 14. e3 Ba3 15. d4 Qd6 16. bxa3 Qxc6 17. Bxc6 Rad8 18. Bd2 a5 19. Rfc1 h6 20. Rc4 Rd6 21. e4 g5 22. Rac1 Rb8 23. Bd5 1-0